ਚੋਣਵੇਂ ਪੰਜਾਬੀ ਰੇਖਾ ਚਿਤਰ / (Record no. 109680)
[ view plain ]
| 000 -LEADER | |
|---|---|
| fixed length control field | 01039nam a22002417a 4500 |
| 005 - DATE AND TIME OF LATEST TRANSACTION | |
| control field | 20170123164141.0 |
| 010 ## - LIBRARY OF CONGRESS CONTROL NUMBER | |
| LC control number | B-230536 |
| 020 ## - INTERNATIONAL STANDARD BOOK NUMBER | |
| Terms of availability | 350.00 |
| International Standard Book Number | 8171164587 |
| 035 ## - SYSTEM CONTROL NUMBER | |
| System control number | B-230536 |
| 040 ## - CATALOGING SOURCE | |
| Original cataloging agency | DPL |
| Language of cataloging | PN |
| 082 ## - DEWEY DECIMAL CLASSIFICATION NUMBER | |
| Classification number | 850 |
| Item number | ਨਿੰਦਰ |
| 245 ## - TITLE STATEMENT | |
| Title | ਚੋਣਵੇਂ ਪੰਜਾਬੀ ਰੇਖਾ ਚਿਤਰ / |
| Remainder of title | ਸੰਪਾਦਕ ਨਿੰਦਰ ਘੁਗਿਆਣਵੀ |
| 246 ## - VARYING FORM OF TITLE | |
| Title proper/short title | Chonvey punjabi rekha chitar |
| Remainder of title | edited by Ninder Gugianvee |
| 260 ## - PUBLICATION, DISTRIBUTION, ETC. (IMPRINT) | |
| Place of publication, distribution, etc | ਦਿੱਲੀ |
| Name of publisher, distributor, etc | ਨੈਸ਼ਨਲ ਬੁਕ ਸ਼ਾਪ |
| 270 ## - ADDRESS | |
| Address | ਪਲਈਅਰ ਗਾਰਡਨ ਮਾਰਕੀਟ, ਚਾਂਦਨੀ ਚੌਕ |
| City | ਦਿੱਲੀ |
| Postal code | 110006 |
| 300 ## - PHYSICAL DESCRIPTION | |
| Extent | 388p. |
| Dimensions | 23cm(Hb) |
| 650 ## - SUBJECT ADDED ENTRY--TOPICAL TERM | |
| Topical term or geographic name as entry element | ਪੰਜਾਬੀ ਸਾਹਿਤ- ਕਹਾਣੀਆਂ |
| 9 (RLIN) | 16054 |
| 650 ## - SUBJECT ADDED ENTRY--TOPICAL TERM | |
| Topical term or geographic name as entry element | ਪੰਜਾਬੀ ਸਾਹਿਤ |
| 9 (RLIN) | 779 |
| 650 ## - SUBJECT ADDED ENTRY--TOPICAL TERM | |
| Topical term or geographic name as entry element | Punjabi Literature-Stories |
| 9 (RLIN) | 16055 |
| 650 ## - SUBJECT ADDED ENTRY--TOPICAL TERM | |
| Topical term or geographic name as entry element | Punjabi Literature |
| 9 (RLIN) | 781 |
| 700 ## - ADDED ENTRY--PERSONAL NAME | |
| Personal name | ਘੁਗਿਆਣਵੀ, ਨਿੰਦਰ |
| 9 (RLIN) | 7619 |
| 942 ## - ADDED ENTRY ELEMENTS (KOHA) | |
| Source of classification or shelving scheme | Dewey Decimal Classification |
| Koha item type | Punjabi Bks |
| Classification part | 850 |
| Call number suffix | ਨਿੰਦਰ |
| Withdrawn status | Lost status | Damaged status | Not for loan | Home library | Current library | Date acquired | Source of acquisition | Total Checkouts | Full call number | Barcode | Date last seen | Copy number | Cost, replacement price | Price effective from | Koha item type |
|---|---|---|---|---|---|---|---|---|---|---|---|---|---|---|---|
| Central Library | Central Library | 11/06/2015 | Cen Lib/Ret | 850 ਨਿੰਦਰ | B-230536 | 11/06/2015 | 1 | 350.00 | 15/09/2016 | Punjabi Bks |
